=LDR 00000nam 2200000 4500 =001 INLIS000000000059925 =005 20220308022835 =035 ##$$a 0010-1221000152 =007 ta =008 220308###########################0#ind## =020 ##$$a tidak Teridentifikasi =082 ##$$a R.352.026 =084 ##$$a R.352.026 Ind p =245 ##$$a Peraturan Pemerintah RI No. 6 Th 2005 Ttg Pilkada /$c Indonesia =300 ##$$a 278 halaman : $b ilustrasi ; $c 20 cm =650 #4$$a Kepala Daerah - Undang-undang dan Peraturan =264 ##$$a Bandung :$b Fokusmedia,$c 2005 =336 ##$$a teks$2 rdacontent =337 ##$$a lain-lain$2 rdamedia =338 ##$$a lain-lain$2 rdacarrier =990 ##$$a 3202103615